[Event "AUTO-ELITE-2598"]
[Site "http://www.queenalice.com/game.php?id=1865382"]
[Date "2025.11.9"]
[Round "1"]
[White "trompmaster"]
[Black "raulzampronha"]
[Result "1-0"]
[WhiteElo "2378"]
[BlackElo "2252"]

1. e4 c6 2. Nf3 d5 3. Nc3 Bg4 4. h3 Bh5 5. exd5 cxd5 6. Bb5+ Nc6 7. g4 Bg6 8. d4
e6 9. h4 Bb4 10. Ne5 Rc8 11. h5 Be4 12. f3 Ne7 13. fxe4 O-O 14. Nxc6 bxc6 15.
Ba6 1-0

[Event "AUTO-ELITE-2598"]
[Site "http://www.queenalice.com/game.php?id=1865383"]
[Date "2025.11.9"]
[Round "1"]
[White "raulzampronha"]
[Black "trompmaster"]
[Result "0-1"]
[WhiteElo "2237"]
[BlackElo "2394"]

1. c4 e6 2. Nc3 d5 3. d4 c5 4. cxd5 exd5 5. Nf3 Nc6 6. g3 Nf6 7. Bg2 Be7 8. O-O
O-O 9. Bg5 Be6 10. dxc5 Bxc5 11. Rc1 Be7 12. Nd4 Qd7 13. e4 Nxe4 14. Nxe4 dxe4
15. Nxc6 Bxg5 0-1

[Event "AUTO-ELITE-2600"]
[Site "http://www.queenalice.com/game.php?id=1865767"]
[Date "2025.11.19"]
[Round "1"]
[White "trompmaster"]
[Black "raulzampronha"]
[Result "1-0"]
[WhiteElo "2448"]
[BlackElo "2241"]

1. d4 Nf6 2. Nf3 e6 3. e3 b6 4. Bd3 Bb7 5. Nbd2 Be7 6. e4 d5 7. e5 Ne4 8. c3 O-O
9. Qc2 f5 10. b4 c5 11. bxc5 bxc5 12. Rb1 Qc7 13. c4 Nxd2 14. Bxd2 cxd4 15. Rxb7
Qxb7 16. O-O Nd7 17. Rb1 Qc7 18. Nxd4 Nc5 19. cxd5 exd5 20. Nxf5 Rae8 21. Nxe7+
1-0

[Event "AUTO-ELITE-2600"]
[Site "http://www.queenalice.com/game.php?id=1865768"]
[Date "2025.11.19"]
[Round "1"]
[White "raulzampronha"]
[Black "trompmaster"]
[Result "0-1"]
[WhiteElo "2246"]
[BlackElo "2449"]

1. e4 c5 2. Nc3 e6 3. f4 Nc6 4. Nf3 d5 5. Bb5 Ne7 6. Qe2 d4 7. Nd1 a6 8. Bxc6+
Nxc6 9. d3 Be7 10. O-O O-O 11. Nf2 f6 12. g4 Bd7 13. e5 f5 14. gxf5 exf5 15. Bd2
Qe8 16. Kh1 Nd8 17. Rg1 Bc6 18. Rg3 Qf7 19. Rag1 g6 20. h3 Qxa2 21. Bc1 Rf7 22.
Kh2 Ne6 23. h4 Bxf3 24. Qxf3 Bxh4 0-1

[Event "AUTO-ELITE-2601"]
[Site "http://www.queenalice.com/game.php?id=1866020"]
[Date "2025.11.22"]
[Round "1"]
[White "JailtonMaster"]
[Black "trompmaster"]
[Result "0-1"]
[WhiteElo "2228"]
[BlackElo "2445"]

1. d4 Nf6 2. c4 e6 3. Nf3 d5 4. Nc3 dxc4 5. Bg5 a6 6. e4 b5 7. e5 h6 8. Bh4 g5
9. Nxg5 hxg5 10. Bxg5 Nbd7 11. g3 Bb7 12. f3 c5 13. exf6 cxd4 14. Ne4 Bxe4 15.
fxe4 Bb4+ 16. Bd2 c3 0-1

[Event "AUTO-ELITE-2601"]
[Site "http://www.queenalice.com/game.php?id=1866021"]
[Date "2025.11.22"]
[Round "1"]
[White "trompmaster"]
[Black "JailtonMaster"]
[Result "1-0"]
[WhiteElo "2449"]
[BlackElo "2212"]

1. Nf3 d5 2. g3 c5 3. Bg2 Nf6 4. O-O Nc6 5. d4 e6 6. c4 cxd4 7. cxd5 Nxd5 8.
Nxd4 Nxd4 9. Qxd4 Qb6 10. Qxb6 Nxb6 11. Nc3 Be7 12. Rd1 O-O 13. Bf4 f6 14. a4 e5
15. Be3 Nc4 16. Bd5+ 1-0

[Event "AUTO-ELITE-2598"]
[Site "http://www.queenalice.com/game.php?id=1866158"]
[Date "2025.11.25"]
[Round "2"]
[White "trompmaster"]
[Black "Sexxy_Bunny"]
[Result "0-1"]
[WhiteElo "2454"]
[BlackElo "2688"]

1. e4 e6 2. d4 d5 3. Nc3 Nf6 4. e5 Nfd7 5. f4 c5 6. Be3 Nc6 7. Nf3 a6 8. Ne2 Qb6
9. Rb1 f6 10. c3 cxd4 11. Nexd4 fxe5 12. fxe5 Ndxe5 13. Nxe5 Nxe5 14. Be2 Bd7
15. O-O Qc7 16. Bg5 Bc5 17. Bh4 Nf7 18. Bg3 Bd6 19. Bg4 Bxg3 20. hxg3 Ng5 21.
Qd2 Ne4 22. Qe3 O-O-O 23. Rf7 Qb6 24. Rxd7 Rxd7 25. Bxe6 Rd8 26. Qf4 Qc7 27.
Bxd7+ Rxd7 28. Qf8+ Rd8 29. Qf4 Rd6 30. Qf8+ Rd8 31. Qf4 Qb6 32. g4 g6 33. Kh2
Qd6 34. Qxd6 Rxd6 35. Rf1 Rb6 36. Nb3 Kb8 37. Rd1 Rb5 38. Re1 Kc7 39. Re2 Rb6
40. Kg1 Kd7 41. Nc1 Re6 42. Nd3 Kd6 43. Re3 g5 44. Kf1 a5 45. Ke2 a4 46. a3 Kc6
47. Nb4+ Kc5 48. Rd3 Kc4 49. Kf3 Kb3 50. c4+ Kxc4 51. Rxd5 Kb3 52. Nd3 Kc2 53.
Rd4 Nd2+ 54. Kf2 Nb3 55. Rd7 b6 56. Rd8 Re4 57. Kf3 Nd2+ 58. Kf2 Nc4 59. Rd5 h6
60. Kg1 Nxb2 61. Nxb2 Kxb2 62. Rb5+ Kxa3 63. Rxb6 Rxg4 64. Rxh6 Kb3 65. Rb6+ Rb4
66. Re6 a3 67. Re3+ Ka4 68. Re2 Rc4 69. Kh2 Rc3 70. Re7 a2 71. Re8 Ka3 72. Ra8+
Kb2 73. g3 a1=Q 0-1

[Event "AUTO-ELITE-2598"]
[Site "http://www.queenalice.com/game.php?id=1866159"]
[Date "2025.11.25"]
[Round "2"]
[White "Sexxy_Bunny"]
[Black "trompmaster"]
[Result "1-0"]
[WhiteElo "2691"]
[BlackElo "2454"]

1. e4 d6 2. d4 Nf6 3. Nc3 Nbd7 4. Nf3 e5 5. Bc4 Be7 6. O-O O-O 7. Re1 exd4 8.
Nxd4 Ne5 9. Bf1 Re8 10. h3 c6 11. a4 Ng6 12. g3 Bf8 13. Bg2 Bd7 14. Be3 a6 15.
a5 Ne5 16. Bc1 h6 17. f4 Nc4 18. Nb3 Be6 19. Kh2 g6 20. Qd3 d5 21. e5 Bc8 22.
Nd4 Bb4 23. Re2 Nd7 24. Na4 Bxa5 25. b3 Ncxe5 26. fxe5 Nxe5 27. Qd1 Bc7 28. Qe1
f6 29. Ba3 h5 30. Rd1 Bd7 31. Nc5 Qc8 32. Qf1 h4 33. Qxf6 Bd8 34. Qf4 g5 35. Qf1
Rf8 36. Qxf8+ Kxf8 37. Nxd7+ Kg7 38. Nxe5 hxg3+ 39. Kh1 Bb6 40. Ng4 Bxd4 41.
Re7+ Kg6 42. Rxd4 Qf5 43. Ne5+ Kf6 44. Ng4+ Kg6 45. Ne5+ Kf6 46. Nd7+ Kg6 47.
Be4 dxe4 48. Rd6+ Kh5 49. Nf6+ Kh4 50. Rh7+ Qxh7 51. Nxh7 Kxh3 52. Nxg5+ Kg4 53.
Nxe4 Rh8+ 54. Kg1 Rh2 55. Nd2 Re2 56. Nf1 Kf4 57. Rd4+ Ke5 58. Rc4 Kd5 59. Nxg3
Re5 60. Bb4 b6 61. Bc3 Rg5 62. Rd4+ Ke6 63. Kf2 Rc5 64. Rd3 Rd5 65. Rxd5 Kxd5
66. Ke3 c5 67. Kd3 Kc6 68. Ke4 Kd6 69. Nf5+ Ke6 70. Be5 Kd7 71. Kd5 c4 72. bxc4
a5 73. Nd4 a4 74. Nb5 Kc8 75. Kc6 1-0